[Event "GER-chT U12"]
[Site "Magdeburg"]
[Date "2023.12.29"]
[Round "6.8"]
[White "Madel, Luca"]
[Black "Greive, Jakob"]
[Result "1-0"]
[WhiteElo "1335"]
[BlackElo "1558"]
[PlyCount "101"]
[EventDate "2023.12.26"]
[EventType "team-swiss"]
[EventRounds "7"]
[EventCountry "GER"]
[SourceTitle "CBM 218 Extra"]
[Source "ChessBase"]
[SourceDate "2024.03.31"]
[SourceVersion "1"]
[SourceVersionDate "2024.03.31"]
[SourceQuality "1"]
[WhiteTeam "Barnim Schachfreunde"]
[BlackTeam "Tegernsee"]
[WhiteTeamCountry "GER"]
[BlackTeamCountry "GER"]

1. d4 d5 2. Bf4 Nf6 3. e3 e6 4. Nf3 c5 5. c3 Qb6 6. Qc2 Nc6 7. Bd3 Be7 8. 0-0 0-0 9. Ne5 h6 10. h3 Re8 11. Bh2 Rf8 12. f4 c4 13. Be2 Bd6 14. Nd2 Nd7 15. g4 Ndxe5 16. fxe5 Nxe5 17. dxe5 Qxe3+ 18. Kh1 Bxe5 19. Bxe5 Qxe5 20. Bf3 Qg3 21. Bg2 Qd6 22. Rae1 Bd7 23. Nf3 Rac8 24. Qd2 Rc5 25. Re5 Ra5 26. a3 Ra6 27. h4 Rc6 28. g5 f6 29. Re2 hxg5 30. hxg5 Rf7 31. Ref2 f5 32. Qe2 g6 33. Kg1 Rh7 34. Qe5 b6 35. Re2 Rf7 36. Kf2 a6 37. Rh1 Rh7 38. Rxh7 Kxh7 39. Re1 Kg8 40. Rh1 Qxe5 41. Nxe5 Rd6 42. Nxg6 Kf7 43. Ne5+ Kg7 44. Rh6 Be8 45. Bf3 b5 46. Ke3 Bc6 47. Kd4 Ba8 48. Bh5 f4 49. Rg6+ Kh7 50. Rf6 Kg7 51. Rxf4 1-0

[Event "GER-ch U12"]
[Site "Willingen"]
[Date "2023.05.28"]
[Round "1"]
[White "Greive, Jakob"]
[Black "Polzin, Gustav"]
[Result "0-1"]
[WhiteElo "1551"]
[BlackElo "2018"]
[PlyCount "42"]
[EventDate "2023.05.27"]
[EventType "swiss"]
[EventRounds "9"]
[EventCountry "GER"]
[SourceTitle "CBM 214 Extra"]
[Source "ChessBase"]
[SourceDate "2023.07.31"]
[SourceVersion "1"]
[SourceVersionDate "2023.07.31"]
[SourceQuality "1"]

1. e4 c5 2. Nf3 g6 3. c3 Bg7 4. d4 cxd4 5. cxd4 d5 6. exd5 Nf6 7. Nc3 0-0 8. Bc4 Nbd7 9. 0-0 Nb6 10. Qb3 Bf5 11. Re1 Rc8 12. Be2 Nfxd5 13. Nxd5 Qxd5 14. Qb4 Bf6 15. Bh6 Rfd8 16. Red1 Rc2 17. Bd3 Bxd3 18. Rxd3 Qf5 19. Qb3 Rdc8 20. Ne5 Qxf2+ 21. Kh1 Qxg2# 0-1

[Event "GER-chT U12"]
[Site "Munich"]
[Date "2022.12.27"]
[Round "2"]
[White "Greive, Jakob"]
[Black "Neumeier, Konstantin"]
[Result "1/2-1/2"]
[WhiteElo "1600"]
[BlackElo "1443"]
[PlyCount "67"]
[EventDate "2022.12.26"]
[EventType "team-swiss"]
[EventRounds "7"]
[EventCountry "GER"]
[SourceTitle "CBM 212 Extra"]
[Source "ChessBase"]
[SourceDate "2023.03.31"]
[SourceVersion "1"]
[SourceVersionDate "2023.03.31"]
[SourceQuality "1"]
[WhiteTeam "Tegernsee"]
[BlackTeam "Kelheim"]
[WhiteTeamCountry "GER"]
[BlackTeamCountry "GER"]

1. e4 e5 2. Nf3 Nc6 3. Bc4 Nf6 4. Ng5 d5 5. exd5 Na5 6. Bb5+ c6 7. dxc6 bxc6 8. Ba4 Ng4 9. Qf3 Qd7 10. h3 Nf6 11. Qc3 Qc7 12. b4 Nd5 13. Qf3 Nxb4 14. c3 Na6 15. 0-0 Bd6 16. Qh5 Bf5 17. Qe2 Nc5 18. Qd1 Qb6 19. Bc2 Bxc2 20. Qxc2 h6 21. Nf3 0-0 22. d3 f5 23. Nbd2 Rae8 24. d4 Nd7 25. dxe5 Nxe5 26. Rb1 Nxf3+ 27. Nxf3 Qc5 28. Nd4 Qc4 29. Nxf5 Bh2+ 30. Kxh2 Qxf1 31. Nxh6+ Kh8 32. Be3 Qc4 33. Ng4 c5 34. Qc1 1/2-1/2

[Event "GER-chT U10"]
[Site "Magdeburg"]
[Date "2021.08.07"]
[Round "5.2"]
[White "Greive, Jakob"]
[Black "Charchulla, Moritz"]
[Result "1-0"]
[WhiteElo "1304"]
[BlackElo "934"]
[PlyCount "91"]
[EventDate "2021.08.06"]
[EventType "team-swiss"]
[EventRounds "7"]
[EventCountry "GER"]
[SourceTitle "EXT 2022"]
[Source "ChessBase"]
[SourceDate "2021.10.06"]
[SourceVersion "1"]
[SourceVersionDate "2021.10.06"]
[SourceQuality "1"]
[WhiteTeam "Tegernsee"]
[BlackTeam "Kiel Doppelbauer"]
[WhiteTeamCountry "GER"]
[BlackTeamCountry "GER"]

1. e4 e5 2. Nf3 Nc6 3. Bc4 Nf6 4. d3 d6 5. h3 Be6 6. Bb3 h6 7. Nc3 Qd7 8. Be3 0-0-0 9. Qd2 Kb8 10. 0-0-0 Bxb3 11. cxb3 d5 12. exd5 Nxd5 13. Nxd5 Qxd5 14. Kb1 Bb4 15. Qc2 f5 16. Qc4 Qd6 17. g3 g5 18. d4 e4 19. Ne5 Na5 20. Qe2 Qf6 21. Qb5 c5 22. Nd7+ Rxd7 23. Qxd7 Nc6 24. d5 Rd8 25. Qe6 Qxe6 26. dxe6 Nd4 27. e7 Re8 28. a3 Ba5 29. b4 Bc7 30. bxc5 Nc6 31. h4 f4 32. Bc1 fxg3 33. fxg3 Rxe7 34. hxg5 Bxg3 35. gxh6 Be5 36. h7 Bh8 37. Rdg1 e3 38. Rg8+ Kc7 39. Rxh8 e2 40. Rc8+ Kxc8 41. h8Q+ Kc7 42. Qh2+ Kd7 43. Qd6+ Ke8 44. Rh8+ Kf7 45. Rh7+ Kf8 46. Bh6+ 1-0